000 00523nam a2200181 a 4500
001 5256
005 20180713185119.0
008 140415d 000 0 eng d
041 _aeng
082 _a660.299
_bCAR
100 1 _aCARBERRY, JAMES J.
245 1 0 _aCHEMICAL AND CATALYTIC REACTION ENGINEERING
250 _a1a ed.
260 _a[s.l.] :
_bMC GRAW HILL BOOK COMPANY,
_c[s.f.]
300 _a642
490 _aMCGRAW HILL CHEMICAL ENGINEERING SERIES
650 1 4 _aCATALISIS
_xPROCESOS QUIMICOS
999 _c5256
_d5256